[Event "Poznan op 16th"]
[Site "Poznan"]
[Date "2007.07.27"]
[Round "7"]
[White "Mackow, Pawel"]
[Black "Scibior, Adam"]
[Result "0-1"]
[WhiteElo "2078"]
[BlackElo "2045"]
[PlyCount "104"]
[EventDate "2007.07.21"]
[EventType "swiss"]
[EventRounds "9"]
[EventCountry "POL"]
[SourceTitle "EXT 2010"]
[Source "ChessBase"]
[SourceDate "2010.11.25"]
[SourceVersion "1"]
[SourceVersionDate "2010.11.25"]
[SourceQuality "1"]

1. c4 e6 2. Nc3 d5 3. cxd5 exd5 4. d4 c6 5. Qc2 Bd6 6. a3 Bg4 7. Nf3 Nd7 8. Bg5 Ngf6 9. e3 0-0 10. Bd3 Qc7 11. h3 Bh5 12. Nh4 Bg6 13. Nf5 Rfe8 14. Nxd6 Qxd6 15. Bxf6 Bxd3 16. Qxd3 Nxf6 17. 0-0 Ne4 18. b4 a6 19. Na4 b5 20. Nc5 Nxc5 21. dxc5 Qc7 22. a4 Reb8 23. Rfc1 a5 24. axb5 Rxb5 25. Rxa5 Raxa5 26. bxa5 Qxa5 27. Qd4 h6 28. Ra1 Qc7 29. g3 Qb7 30. Rc1 Rb2 31. Qe5 Ra2 32. Kg2 Qb2 33. Qf5 g6 34. Qc8+ Kg7 35. Rf1 Qf6 36. Qb7 Rc2 37. Qb6 Qe6 38. h4 g5 39. hxg5 hxg5 40. Qd8 Qxe3 41. Kg1 Qe5 42. Qb6 Qe6 43. Qb4 Qe4 44. Qb6 d4 45. Qd8 Rxc5 46. Rd1 Rd5 47. Qc8 Rf5 48. Qd7 c5 49. Qd8 Qf3 50. Rd2 g4 51. Qh4 c4 52. Rxd4 Qxf2+ 0-1